Library Banner

Empire in retreat/ (Record no. 86857)

MARC details
000 -LEADER
fixed length control field 00411nam a2200169Ia 4500
001 - CONTROL NUMBER
control field 73713
008 - FIXED-LENGTH DATA ELEMENTS--GENERAL INFORMATION
fixed length control field 160804s9999||||xx |||||||||||||| ||und||
020 ## - INTERNATIONAL STANDARD BOOK NUMBER
International Standard Book Number 9780199066087
040 ## - CATALOGING SOURCE
Transcribing agency PK-LaUMT
082 ## - DEWEY DECIMAL CLASSIFICATION NUMBER
Classification number 954.04
Item number RAB-E
100 ## - MAIN ENTRY--PERSONAL NAME
Personal name Rabia Umar Ali
245 ## - TITLE STATEMENT
Title Empire in retreat/
Statement of responsibility, etc Rabia Umar Ali
260 ## - PUBLICATION, DISTRIBUTION, ETC. (IMPRINT)
Place of publication, distribution, etc Oxford:
Name of publisher, distributor, etc Oxford University Press,
Date of publication, distribution, etc 2012
300 ## - PHYSICAL DESCRIPTION
Extent 190 p.
546 ## - LANGUAGE NOTE
Language note EN
942 ## - ADDED ENTRY ELEMENTS (KOHA)
Koha item type Books
Holdings
Withdrawn status Lost status Damaged status Not for loan Home library Current library Date acquired Total Checkouts Full call number Barcode Date last seen Price effective from Koha item type
        UMT Main Campus UMT Main Campus 2016-04-08   954.04 RAB-E 100380 2016-08-04 2016-08-04 Books